Quick Pick: Arrested Development Emmy Awards Quiz Stats

 Plays Quiz not verified by Sporcle

Also try: Top Gear Stars
Challenge
Share
Tweet
Embed
Score 0/5 Timer 01:00
0 Plays Today
% Correct
Outstanding Comedy Series
80.6%
Outstanding Casting for a Comedy Series
63.1%
Outstanding Directing for a Comedy Series
55.8%
Outstanding Writing for a Comedy Series
53.5%
Outstanding Single-Camera Picture Editing for a Comedy Series
39.6%

You're not logged in!

Compare scores with friends on all Sporcle quizzes.
Join for Free
OR
Log In

You Might Also Like...

Show Comments

Extras

Top Quizzes Today


Score Distribution

Your Account Isn't Verified!

In order to create a playlist on Sporcle, you need to verify the email address you used during registration. Go to your Sporcle Settings to finish the process.

Report this User

Report this user for behavior that violates our Community Guidelines.

Details: